The geology of the southern Urungwe District, (Record no. 29788)

MARC details
000 -LEADER
fixed length control field 00844cam a22002531 4500
001 - CONTROL NUMBER
control field gs 64000072
003 - CONTROL NUMBER IDENTIFIER
control field DLC
005 - DATE AND TIME OF LATEST TRANSACTION
control field 20260227111413.0
008 - FIXED-LENGTH DATA ELEMENTS--GENERAL INFORMATION
fixed length control field 820820s1962 rh ab b 000 0 eng c
010 ## - LIBRARY OF CONGRESS CONTROL NUMBER
LC control number gs 64000072
035 ## - SYSTEM CONTROL NUMBER
System control number (OCoLC)8705569
040 ## - CATALOGING SOURCE
Original cataloging agency U.S. Geol. Survery. Libr.
Transcribing agency FU
Modifying agency FU
-- DLC
042 ## - AUTHENTICATION CODE
Authentication code premarc
043 ## - GEOGRAPHIC AREA CODE
Geographic area code f-rh---
050 00 - LIBRARY OF CONGRESS CALL NUMBER
Classification number QE327.R6
Item number A4 no. 55
100 1# - MAIN ENTRY--PERSONAL NAME
Personal name Stagman, J. G. N.
245 14 - TITLE STATEMENT
Title The geology of the southern Urungwe District,
Statement of responsibility, etc. by J.G. Stagman.
260 ## - PUBLICATION, DISTRIBUTION, ETC.
Place of publication, distribution, etc. Salisbury,
Date of publication, distribution, etc. 1962.
300 ## - PHYSICAL DESCRIPTION
Extent 82 p.
Other physical details illus., fold. maps (1 col. in pocket) diagr., tables.
Dimensions 25 cm.
490 1# - SERIES STATEMENT
Series statement Southern Rhodesia. Geological Survey. Bulletin
Volume/sequential designation no. 55
504 ## - BIBLIOGRAPHY, ETC. NOTE
Bibliography, etc. note Bibliography: p. 78
650 #0 - SUBJECT ADDED ENTRY--TOPICAL TERM
Topical term or geographic name entry element Geology
Geographic subdivision Zimbabwe
-- Urungwe District.
810 2# - SERIES ADDED ENTRY--CORPORATE NAME
Corporate name or jurisdiction name as entry element Southern Rhodesia Geological Survey.
Title of a work Bulletin ;
Volume/sequential designation no. 55.

No items available.

Powered by Koha